| 000 | 00917nam a22003017a 4500 | ||
|---|---|---|---|
| 001 | 7078 | ||
| 003 | FISKH | ||
| 005 | 20250620095350.0 | ||
| 008 | 250620b cb ||||| |||| 00| 0 eng d | ||
| 020 | _a9780545533782 | ||
| 040 |
_aFISKH _beng _cFISKH _dFISKH |
||
| 050 | _aQE522 .B82 | ||
| 082 | _a551.21 | ||
| 100 | _aBrown, Laaren | ||
| 245 |
_aVolcanoes : _bRun for your life / _cBy Laaren Brown |
||
| 250 | _aFirst edition first printing, August 2013 | ||
| 260 |
_aNew York : _bScholastic , _c2013. |
||
| 300 |
_a32 pages : _bcolor illustrations ; _c23 cm . |
||
| 490 |
_aScholastic discover more readers _vLevel 3 |
||
| 505 | _aQ | ||
| 520 | _aLearn about volcanoes, how they are formed and in what regions. | ||
| 521 | 8 |
_a660
_bLexile |
|
| 521 | 8 |
_aQ
_bRaz-Plus |
|
| 650 |
_aEarth science _vNon-fiction |
||
| 650 |
_aVolcanoes _vNon-fiction |
||
| 942 |
_2ddc _cBK _n0 |
||
| 999 |
_c7078 _d7078 |
||